000 00641nam a22002177a 4500
003 UA-OsUOA
001 119834
007 ta
008 20161118b un ||||| |||| 00| 0 ukr d
100 _aСидір К.
090 _a82
_bС34
942 _cSA
040 _aUA-OsUOA
_bukr
_cUA-OsUOA
_dUA-OsUOA
245 _aНацієтворчі імперативи Трохима Зіньківського й Івана Франка: дискусійний аспект
300 _aС.58-77
955 _a0
041 _aukr
080 _a82
773 0 _w119832
650 7 _a82 Література. Літературознавство
_2UDC
999 _c406189
_d406189